000
00344pab a2200145 454500
008
180718b2001 xxu||||| |||| 00| 0 eng d
100
_a
Jain, Mukesh
245
_a
New service delivery model of policing
260
_c
2001
300
_a
p.85-94.
362
_a
Oct-Dec
650
_a
Police
773
_a
Indian Police Journal
909
_a
54156
999
_c
54156
_d
54156